Cellular Transport 2 - Statistics

General Stats
  • This quiz has been taken 17 times
  • The average score is 8 of 12
Answer Stats
Hint Answer % Correct
Active transport moves substances against the concentration _________ gradient
92%
The prefix "endo" means in
92%
The prefix "exo" means out
92%
active transport requires energy in the form of ATP
85%
a process by which cells absorb material from outside the cell by engulfing it with their cell membrane endocytosis
77%
a cellular process where cells eject waste products or chemical transmitters from the interior of the cell. exocytosis
69%
The sodium/potassium pump pumps _____________ IN potassium
62%
The sodium/potassium pump pumps _______ OUT sodium
62%
ATP Is broken down to _______ to power the pump ADP
54%
in active transport, ______proteins are used to move materials against their concentration gradient. carrier
46%
The sodium/potassium pump moves (how many)______ sodium ions out of the cell three
38%
The sodium/potassium pump moves (how many)______ potassium ions into the cell two
38%
No matching quizzes found
Score Distribution
Percent of People with Each Score
Percentile by Number Answered
Your Score History
You have not taken this quiz